Omnibus trade legislation : hearings and markup before the Subcommittee on International Economic Policy and Trade of the Committee on Foreign Affairs, House of Representatives, Ninety-ninth Congress, first session on H.R. 3295--legislative proposals on mixed credits.
| Corporate Authors: | , |
|---|---|
| Format: | Government Document eBook |
| Language: | English |
| Published: |
Washington :
U.S. G.P.O.,
1987.
|
| Series: | U.S. Congressional Hearings.
|
| Subjects: | |
| Online Access: | Connect to the full text of this electronic book Connect to the full text of this electronic book Connect to the full text of this electronic book Connect to the full text of this electronic book Connect to the full text of this electronic book |
MARC
| Tag | First Indicator | Second Indicator | Subfields |
|---|---|---|---|
| LEADER | 00000cam a22000001a 4500 | ||
| 001 | in00003213613 | ||
| 006 | m d f | ||
| 007 | cr bn mmmapmmp | ||
| 008 | 091020s1987 dcua ob f000 0 eng d | ||
| 005 | 20260604202017.7 | ||
| 035 | |a cis2007451906 | ||
| 040 | |a UMI |c UMI |d UtOrBLW | ||
| 043 | |a n-us--- | ||
| 074 | |a 1017-A, 1017-B (microfiche) | ||
| 086 | 0 | |a Y 4.F 76/1:T 67/10/v.1-4 | |
| 099 | |a HRG-1985-FOA-0097 | ||
| 099 | |a HRG-1986-FOA-0078 | ||
| 099 | |a HRG-1986-FOA-0079 | ||
| 099 | |a HRG-1986-FOA-0080 | ||
| 099 | |a HRG-1986-FOA-0088 | ||
| 110 | 1 | |a United States. |b Congress. |b House. |b Committee on Foreign Affairs. |b Subcommittee on International Economic Policy and Trade. | |
| 245 | 1 | 0 | |a Omnibus trade legislation : |b hearings and markup before the Subcommittee on International Economic Policy and Trade of the Committee on Foreign Affairs, House of Representatives, Ninety-ninth Congress, first session on H.R. 3295--legislative proposals on mixed credits. |
| 264 | 1 | |a Washington : |b U.S. G.P.O., |c 1987. | |
| 300 | |a 1 online resource. | ||
| 336 | |a text |b txt |2 rdacontent | ||
| 337 | |a computer |b c |2 rdamedia | ||
| 338 | |a online resource |b cr |2 rdacarrier | ||
| 500 | |a Record is based on bibliographic data in ProQuest Congressional Hearings Digital Collection. Reuse except for individual research requires license from ProQuest, LLC. | ||
| 504 | |a Includes bibliographies. | ||
| 505 | 0 | |a Legislative proposals on mixed credits (v. 1) ; National security export controls (v. 2) ; Export promotion programs (v. 3) ; Foreign trade practices (H.R. 4389) --(vol) 4. | |
| 538 | |a System requirements: PDF reader software. | ||
| 500 | |a Electronic resource. | ||
| 650 | 0 | |a Export credit |z United States. | |
| 650 | 0 | |a Loans, American. | |
| 650 | 0 | |a Foreign trade promotion |x Law and legislation |z United States. | |
| 650 | 0 | |a Competition, Unfair. | |
| 650 | 0 | |a International economic relations. | |
| 650 | 0 | |a Foreign trade promotion |z United States. | |
| 651 | 0 | |a United States |x Commercial policy. | |
| 655 | 7 | |a Electronic books. |2 local | |
| 710 | 2 | |a ProQuest (Firm) | |
| 776 | 0 | 8 | |i Print version: |a United States. Congress. House. Committee on Foreign Affairs. Subcommittee on International Economic Policy and Trade |t Omnibus trade legislation |w (OCoLC)15496493 |w gp 87017504 |
| 776 | 0 | 8 | |i Microfiche version: |a United States. Congress. House. Committee on Foreign Affairs. Subcommittee on International Economic Policy and Trade |t Omnibus trade legislation. |d [Bethesda, Md.] : ProQuest,[2004] |o CIS 87 H381-34 (v.1) |o CIS 87 H381-46 (v.2) |o CIS 87 H381-47 (v.3) |o CIS 87 H381-55 (v.4) |o CIS 89 H381-36 (v.5) |w (ProQuest)cis08700586 |
| 830 | 0 | |a U.S. Congressional Hearings. | |
| 856 | 4 | 0 | |u http://proxy.library.tamu.edu/login?url=https://congressional.proquest.com/congcomp/getdoc?HEARING-ID=HRG-1985-FOA-0097 |z Connect to the full text of this electronic book |t 0 |
| 856 | 4 | 0 | |u http://proxy.library.tamu.edu/login?url=https://congressional.proquest.com/congcomp/getdoc?HEARING-ID=HRG-1986-FOA-0078 |z Connect to the full text of this electronic book |t 0 |
| 856 | 4 | 0 | |u http://proxy.library.tamu.edu/login?url=https://congressional.proquest.com/congcomp/getdoc?HEARING-ID=HRG-1986-FOA-0079 |z Connect to the full text of this electronic book |t 0 |
| 856 | 4 | 0 | |u http://proxy.library.tamu.edu/login?url=https://congressional.proquest.com/congcomp/getdoc?HEARING-ID=HRG-1986-FOA-0080 |z Connect to the full text of this electronic book |t 0 |
| 856 | 4 | 0 | |u http://proxy.library.tamu.edu/login?url=https://congressional.proquest.com/congcomp/getdoc?HEARING-ID=HRG-1986-FOA-0088 |z Connect to the full text of this electronic book |t 0 |
| 998 | |a cis08700586 | ||
| 999 | |a MARS | ||
| 999 | f | f | |s e4b9ae9f-0f35-3abc-955a-1505e02a35bd |i bed0917e-9cb8-3149-af3f-428c620ddbc7 |t 0 |
| 952 | f | f | |a Texas A&M University |b College Station |c Electronic Resources |s www_evans |d Available Online |t 0 |e HRG-1986-FOA-0088 |h Other scheme |
| 998 | f | f | |a HRG-1986-FOA-0088 |t 0 |l Available Online |